00434nam a2200121Ia 4500008004100000245012000041260003900161260000900200300000900209650002600218650001200244856005600256170516s9999 xx 000 0 und d a Role of cranial computed tomography in human immunodeficiency virus-positive patients with generalised seizures bSouth African Journal of Radiology c2016 a20:1 xRadiologic Technology xRadtech uhttp://www.sajr.org.za/index.php/sajr/issue/view/54